000 00336nam a22001337a 4500
020 _a978-81-200-4234-6
082 _a894.812
_bBAL/V
100 _aBALAKRISHNAN, V
245 _aVITHARIVU KARUTHALUM BHAAVIYUM
260 _aTRIVANDRUM
_bBEYOND PUBLISHERS
_c2017
300 _a252
650 _aAGRICULTURE AND FARMING
_zKERALA
942 _cBK
999 _c6964
_d6964